000 01392cam a2200325 a 4500
001 13487386
003 OSt
005 20240625112740.0
008 040211s2003 enka b 001 0 eng
010 _a 2004269234
020 _a0521820847 (hardback)
020 _a0521528224 (paperback)
040 _aDLC
_cMUST
_dDLC
082 0 0 _a551.5 BUR 2003
100 1 _aBurroughs, William James.
_917768
245 1 0 _aWeather cycles :
_breal or imaginary? /
_cWilliam James Burroughs.
250 _a2nd ed.
260 _aCambridge ;
_aNew York :
_bCambridge University Press,
_c2003.
300 _ax, 317 p. :
_bill. ;
_c26 cm.
504 _aIncludes bibliographical references (p. [291]-307) and index.
650 0 _aMeteorology
_xPeriodicity.
_917769
650 0 _aClimatology.
856 4 1 _3Sample text
_uhttp://www.loc.gov/catdir/samples/cam041/2004269234.html
856 4 1 _3Table of contents
_uhttp://www.loc.gov/catdir/toc/cam041/2004269234.html
856 4 2 _3Publisher description
_uhttp://www.loc.gov/catdir/description/cam041/2004269234.html
856 4 2 _3Contributor biographical information
_uhttp://www.loc.gov/catdir/enhancements/fy0732/2004269234-b.html
906 _a7
_bcbc
_corigcop
_d2
_encip
_f20
_gy-gencatlg
942 _2ddc
_cO_SHELF
999 _c8796
_d8796